000 00802nam a2200217 4500
005 20240530110608.0
008 160611s2014 ua o|||g |||| 00| 0 ara d
017 _a2012/23930
_bمصر. دار الكتب المصرية
020 _a9789774278716
040 _aEG-CaGPL
082 0 4 _a920.72/
_bل ر
_21
100 0 _aلوتس عبدالكريم
245 1 0 _aرحلة البحث عني :
_bرواية حياة /
_cلوتس عبدالكريم
250 _aط .1.
260 _aالقاهرة :
_bالدار المصرية اللبنانية،
_c2014
300 _a702 ص. :
_bصور بعضها لو. ؛
_c25 سم.
600 0 4 _aلوتس عبد الكريم
_xمذكرات
650 0 4 _aالأدباء العرب
_xتراجم
942 _2ddc
_cBK
999 _c62807
_d62807